[Event "Herzliya"]
[Site "Herzliya"]
[Date "1998.09.16"]
[Round "11"]
[White "Schlosser, Philipp"]
[Black "Bykhovsky, Avigdor"]
[Result "1-0"]
[WhiteElo "2505"]
[BlackElo "2455"]
[Annotator "Ribli,Z"]
[PlyCount "77"]
[EventDate "1998.09.??"]
[EventType "tourn"]
[EventRounds "11"]
[EventCountry "ISR"]
[EventCategory "10"]
[SourceTitle "EXT 1999"]
[Source "ChessBase"]
[SourceDate "1998.11.16"]
[SourceVersion "1"]
[SourceVersionDate "1998.11.16"]
[SourceQuality "1"]

1. c4 Nf6 2. Nc3 e6 3. e4 {Die sogenannte "Mikenas-Variante" ist vielleicht
die schärfste Variante der Englischen Eröffnung. Ribli.} c5 {Die
Hauptalternative ist 3...d5.} 4. Nf3 {Die prinzipielle Fortsetzung wäre 4.e5
Ng8 5.Nf3 Nc6 6.d4 cxd4 7.Nxd4. Sie ist eigentlich ein Bauernopfer, aber Weiß
bekommt Kompensation auf den schwarzen feldern.} Nc6 5. Be2 {Jetzt ist es für
5.e5 zu spät, denn Schwarz spielt 5...Ng4 und gewinnt den Bauern.} (5. d4 cxd4
6. Nxd4 Bb4 $11 {Das ist - mit Zugumstellung - eine für Schwarz ungefährliche
Variante. Die Originalzugfolge ist 1.e4 c5 2.Nf3 Nc6 3.d4 cxd4 4.Nxd4 e6 5.c4
Nf6 6.Nc3 Bb4.}) 5... a6 (5... b6 $5) 6. O-O e5 $6 {Ich glaube, die
Alternative 6...Qc7 bietet bessere Ausgleichschancen für Schwarz.} (6... Qc7 7.
d4 cxd4 8. Nxd4 Bb4 9. Bg5 (9. Nxc6 bxc6 10. Qc2 Bc5 11. Na4 Bd4 12. c5 O-O 13.
g3 e5 14. Nb6 Rb8 15. Nxc8 Rfxc8 16. Bxa6 Re8 17. Bd3 Qa7 {0-1 Velicka,
P-Movsesian,S/Zlin 1998/CBM 66 (37)}) (9. Kh1 Bxc3 10. bxc3 Nxe4 11. Nxc6 Qxc6
12. Ba3 d6 13. Bf3 O-O 14. Bxe4 {1/2-1/2 Bezold,M-Rotstein,A/Bled 1997/CBM 57
ext (14)}) 9... Bxc3 10. Bxf6 gxf6 11. bxc3 d6 12. Nxc6 Qxc6 13. Rb1 Ke7 14.
Qd4 Bd7 15. Rfd1 Qc7 16. f4 Rad8 17. Bf3 Bc8 {1/2-1/2 Makarov,M-Marin,M/Elista
1998/CBM 66 ext (27)}) 7. d3 h6 {Schwarz beugt eventuellem Bg5 vor.} 8. Rb1 (8.
a3 $5 Rb8 9. Rb1) 8... Rb8 (8... b5 $5 9. a3 (9. cxb5 axb5 10. Nxb5 Rxa2 $13)
9... b4 10. Nd5 a5 $11) 9. a3 b5 10. Be3 Be7 (10... b4 11. axb4 Rxb4 (11...
cxb4 12. Nd5 $14) 12. Nd5 $14) 11. Nd5 d6 (11... Ng4 12. Nd2 Nxe3 13. fxe3 $14
{[%csl Gd5] Weiß hat ein ausgezeichnetes Springerfeld auf d5, während im
eigenen Lager das Feld d4 gedeckt ist.}) 12. b4 $14 {Weiß hat in dieser
symmetrischen Stellung das bessere Figurenspiel und Entwicklungsvorsprung.}
cxb4 (12... Nd4 13. bxc5 Nxf3+ (13... dxc5 14. Nxe5 $16) 14. Bxf3 Nxd5 (14...
dxc5 15. Nxe7 Qxe7 16. cxb5 axb5 17. Qc2 $16 {[%csl Rc5]}) 15. exd5 dxc5 16.
cxb5 axb5 17. Qc2 $16 {[%csl Rc5]}) (12... O-O $2 13. Nxf6+ Bxf6 14. bxc5 $16)
13. axb4 O-O 14. Qd2 bxc4 $6 {Dieser Zug läßt Weiß freie Hand im Zentrum.} (
14... Be6 $5) 15. Nxf6+ Bxf6 16. dxc4 {[%csl Yd5,Rd6][%cal Gf1d1,Gd1d6]} Bg4 {
Das ist das schwarze Gegenspiel. Er möchte auf f3 tauschen, um die Herrschaft
über das Feld d4 zu gewinnen.} 17. Rb3 {Gegen die schwarze Hauptdrohung kann
Weiß nichts machen, daher verbessert er seine Turmstellung. Der Turm f1 kommt
nach a1.} Bxf3 18. Bxf3 Nd4 19. Bxd4 exd4 20. Ra1 {[%csl Ga1,Ra6,Gb3,Rf6] Die
Anwesenheit der ungleichfarbigen Läufer erleichtert die schwarze Verteidigung
keineswegs. Sein Läufer hat auf f6 keine Zukunft.} Rb6 21. Ra5 {[%csl Ga5,Gb3]}
Qc7 22. Be2 {[%csl Ge2] Weiß plant, mit dem Läufer auf d3 eine ideale
Blockadestellung einzunehmen.} Rfb8 23. Bd3 Qb7 {[%cal Rb8b4]} 24. Ra4 {
Weiß muß seinen schwachen b-Bauern verteidigen.} Be7 25. Qa2 d5 $6 {Man kann
nicht immer aktiv spielen! Die Partiefortsetzung aktiviert den Läufer,
verliert aber einen Bauern. Meines Erachtens wäre es besser, abzuwarten, denn
es ist nicht leicht für Weiß, die Stellung zu verbessern.} (25... Bf6 26. b5
axb5 27. cxb5 $14 {[%csl Gb5,Gd3]}) 26. cxd5 Bxb4 (26... Rxb4 27. Rbxb4 Bxb4
28. Rxa6 $16) 27. Bxa6 Qc7 28. g3 $16 {Schwarz entfaltet etwas Aktivität, aber
Weiß hat einen Bauern mehr.} Qc1+ 29. Kg2 Bc3 30. Rxb6 Rxb6 31. Bd3 {[%csl Gd3]
[%cal Gd3b1] Der Läufer verhindert auf d3 den Zug 31...Rb1, der ansonsten
stark wäre.} g5 {Ein Verteidigungszug. Weiß drohte 32.Ra8 und 33.e5 mit
Mattangriff. Die Partiefortsetzung macht auf g7 Platz für den König.} 32. Qc4 {
[%csl Ga4,Gc4,Rg8] Es ist interessant, daß der Läufer c3 abseits steht. Der
schwarze König kann sich allein nicht verteidigen.} Kg7 (32... Bb2 33. Qxc1
Bxc1 34. Rxd4 $18) 33. d6 $1 {[%csl Rc3,Rg7][%cal Ra4a7,Ra7f7] Eine einfache,
aber schöne Fortsetzung. Weiß öffnet die Diagonale a2-g8 für die Dame.} Rxd6
34. Ra7 Rf6 35. e5 $18 {[%csl Rf6,Rg7] Schwarz muß den Turm geben, sonst wird
er mattgesetzt.} Rf3 $5 36. Kxf3 Qh1+ 37. Kg4 (37. Ke2 Qe1+) 37... h5+ 38. Kxg5
(38. Kxh5 {Das gewinnt auch, aber die Partiefortsetzung ist viel logischer und
einfacher.} Qf3+ 39. Kxg5 (39. g4 $4 Qh3+ 40. Kxg5 Bd2+ 41. f4 (41. Kf5 Qf3# (
41... Qh7#)) 41... Qh6+ 42. Kf5 Qg6# (42... Qxf4#)) 39... Bd2+ 40. Kh4 $18)
38... Qf3 {[%cal Rf3g4]} 39. Rxf7+ $1 (39. Rxf7+ Qxf7 40. Qxf7+ Kxf7 41. Kxh5
$18 {Weiß hat mit drei Bauern mehr eine klare Gewinnstellung.}) 1-0

[Event "Sochi-B"]
[Site "Sochi"]
[Date "1989.??.??"]
[Round "?"]
[White "Ivanov, Jordan"]
[Black "Tunik, Gennady"]
[Result "1/2-1/2"]
[WhiteElo "2300"]
[BlackElo "2470"]
[Annotator "Ribli,Z"]
[PlyCount "23"]
[EventDate "1989.10.??"]
[EventType "tourn"]
[EventRounds "11"]
[EventCountry "URS"]
[EventCategory "7"]
[SourceTitle "CBM 016"]
[Source "ChessBase"]
[SourceDate "1990.06.01"]
[SourceVersion "1"]
[SourceVersionDate "1990.06.01"]
[SourceQuality "1"]

1. Nf3 Nf6 2. c4 c5 3. Nc3 b6 4. e4 d6 5. d4 cxd4 6. Nxd4 e6 7. g3 Bb7 8. Bg2
a6 9. O-O Qc7 10. Qe2 (10. Bg5 Nbd7 {10...Be7!? 11.Re1,0-0 12.Rc1} 11. Re1 Be7
12. Nd5 $1 Nxd5 13. exd5 Bxg5 14. dxe6 Ne5 15. exf7+ Qxf7 16. Bxb7 Qxb7 17. f4
O-O 18. fxe5 dxe5 19. Ne6 Be7 20. Qd5 $1 {Kajdanov-Reshevsky  Moscow GMA op
1989 47/56  +/-}) 10... Be7 11. Be3 (11. Kh1 Nbd7 12. Bd2 O-O 13. f4 Rfe8 14.
Rae1 {Smejkal-Csom  Marseille 1986 42/44}) 11... O-O (11... Nbd7 12. Rac1 Rc8
13. b3 Qb8 {Korchnoi-Csom  Roma 1981 32/77}) 12. Rac1 1/2-1/2

[Event "Moscow Aeroflot op-A"]
[Site "Moscow"]
[Date "2005.02.16"]
[Round "2"]
[White "Ehlvest, Jaan"]
[Black "Neverov, Valeriy"]
[Result "1-0"]
[WhiteElo "2622"]
[BlackElo "2568"]
[Annotator "Ribli,Z"]
[PlyCount "68"]
[EventDate "2005.02.15"]
[EventType "swiss"]
[EventRounds "9"]
[EventCountry "RUS"]
[SourceTitle "CBM 106"]
[Source "ChessBase"]
[SourceDate "2005.06.06"]
[SourceVersion "1"]
[SourceVersionDate "2005.06.06"]
[SourceQuality "1"]

1. e4 c5 2. Nf3 e6 3. c4 Nc6 4. Nc3 Nf6 5. Be2 Qb6 {Eine selten gespielte
Fortsetzung statt dem üblichen 5...d5. Der Damenzug richtet sich gegen 6.d4,
aber versetzt sie gleichzeitig auf eine passive Position.} (5... d5) 6. O-O d6
(6... Be7 7. a3 O-O 8. Rb1 d6 9. b4 cxb4 (9... Qc7 10. d4 cxd4 11. Nxd4 $14 Rd8
(11... a6 12. Be3 $14) 12. Be3 {1-0 Rublevsky,S-Polgar,J/Moscow 2002/CBM 091/
[Ribli] (49)}) 10. axb4 Nxb4 11. Ba3 a5 12. d4 $44) 7. a3 Be7 8. Rb1 {Weiß
möchte die schlechte Stellung der schwarzen Dame nutzen und bereitet b2-b4 vor.
} a5 9. d3 O-O (9... Nd7 10. Be3 Bf6 11. Nb5 $14) 10. Be3 {[%mdl 4] Eine
interessante Idee: Weiß möchte sich den Sicherungszug 10.h3 sparen. Nach
meiner Meinung ist die Alternative 10.h3 jedoch präziser aufgrund 10...Ng4.} (
10. h3 Bd7 11. Be3 Rfc8 12. d4 cxd4 13. Nxd4 Nxd4 14. Bxd4 Qd8 (14... Qc7 $14)
15. Bxf6 $5 (15. Qd3 $5) 15... Bxf6 (15... gxf6 16. f4 a4 17. f5 $36) 16. Qxd6
Bxc3 $6 (16... Bc6 $1 17. Qg3 (17. e5 Qxd6 18. exd6 Bd4 $1 19. Rfd1 e5 $11)
17... Bxc3 18. Qxc3 Bxe4 19. Rbd1 Qg5 20. f3 Bc6 21. b4 axb4 22. axb4 Ra2 $132)
17. bxc3 Bc6 18. Qd4 $1 Qxd4 (18... Qe7 19. c5 $16) 19. cxd4 $14 {1-0
Chuchelov,V-Barsov,A/Le Touquet 1997/CBM 62/[Chuchelov] (40)}) 10... Ng4 (10...
Rd8 11. d4 (11. h3 Nd4 12. b4 $14) 11... Ng4 12. d5 Nxe3 13. fxe3 $14) 11. Bd2
Nge5 12. Nxe5 dxe5 (12... Nxe5 13. Be3 (13. f4 Nc6) 13... Nc6 14. Nb5 $14) 13.
Nb5 Nd4 14. Nxd4 exd4 15. a4 $1 {Mit diesem Präventivzug sichert Weiß seinen
Damenflügel gegen a5-a4.} e5 (15... f5 $6 16. exf5 exf5 17. Bf3 $14) 16. f4 $14
{Die Bauernstellung ist symmetrisch, aber Weiß verfügt über Initiative am
Königsflügel, die Schwarz jedoch vor keine größeren Probleme stellt, da er
gute Verteidigungschancen besitzt.} exf4 (16... Bd6 17. f5 $14 (17. b3 f5 $36)
(17. Bg4 Bxg4 18. Qxg4 Qb3 $132)) 17. Bxf4 Ra6 $5 {[%csl Ga6][%cal Ga6g6]
Schwarz bringt seinen Turm auf der sechsten Reihe ins Spiel.} (17... Bd6) 18.
e5 Qd8 {[%cal Ge7g5,Gg5f4] Schwarz macht die sechste Reihe für den Turm frei
und bereitet 19...Bg5 vor.} 19. Bf3 Bg5 20. Bd5 {[%csl Gd5]} (20. Qd2 Bxf4 21.
Qxf4 Rb6 $11) 20... Bxf4 $6 {Mit diesem Zug hilft Schwarz dem Gegner, da Weiß
nun starken Druck auf der f-Linie erhält.} (20... Be6 $1 21. Bxb7 Rb6 22. Be4
Bxf4 23. Rxf4 Qg5 $132) 21. Rxf4 Qe7 (21... Qg5 22. Qf3 $14) 22. Qf3 Rb6 23.
Rf1 {[%csl Gd5,Gf1,Gf3,Gf4][%cal Rf1f7,Rd5g8]} Be6 24. Qg3 Qd8 $6 (24... Rxb2
$1 25. Bxe6 Qxe6 26. Rf6 Qe7 27. e6 Rb1 $1 28. exf7+ Kh8 29. Rxb1 gxf6 (29...
Qxf6 30. Rxb7 Rxf7 31. Rxf7 Qxf7 32. Qe1 $16) 30. Rb5 Rxf7 31. Rxa5) 25. Be4
Kh8 (25... Rxb2 26. Rh4 g6 27. Qf4 Qe7 28. Qh6 f5 29. exf6 Rxf6 30. Rxf6 Qxf6
31. Qxh7+ Kf8 32. Qh6+ Ke7 33. Rf4 Rb1+ 34. Kf2 $16) 26. R1f2 h6 27. Qg6 $3 $40
{[%csl Rh8][%cal Re4h7,Rf2f8][%mdl 64] Ein schöner und sehr starker Zug.} fxg6
28. Rxf8+ Qxf8 29. Rxf8+ Kh7 30. Bd5 h5 (30... g5 31. Be4+ g6 32. Rf6 $18) 31.
h4 $1 $18 {Nach diesem Zug befindet sich Schwarz in Zugzwang!} g5 32. Be4+ g6
33. Rf6 gxh4 34. Bxg6+ Kg7 (34... Kg7 35. Bf7 $18) 1-0

[Event "USA-ch"]
[Site "USA"]
[Date "1989.??.??"]
[Round "4"]
[White "Miles, Anthony John"]
[Black "Gulko, Boris F"]
[Result "1/2-1/2"]
[WhiteElo "2580"]
[BlackElo "2610"]
[Annotator "Ribli,Z"]
[PlyCount "23"]
[EventDate "1989.11.??"]
[EventType "tourn"]
[EventRounds "15"]
[EventCountry "USA"]
[EventCategory "12"]
[SourceTitle "CBM 019"]
[Source "ChessBase"]
[SourceDate "1990.12.01"]
[SourceVersion "1"]
[SourceVersionDate "1990.12.01"]
[SourceQuality "1"]

1. c4 Nf6 2. Nc3 c5 3. g3 g6 4. Bg2 Bg7 5. a3 a5 6. Nf3 Nc6 {-> A 38} 7. d4 (7.
Rb1 d5 $6 (7... d6) 8. cxd5 Nxd5 9. Ng5 e6 10. Nge4 b6 11. Qa4 Qd7 12. Nxd5
exd5 13. Nc3 Bxc3 14. bxc3 $16 {Timman-Enklaar Nederland ch 1974 17/92}) 7...
cxd4 8. Nxd4 Nxd4 9. Qxd4 d6 10. Bg5 O-O 11. Qe3 Be6 12. Nd5 {Ribli} 1/2-1/2

[Event "Nordic zt"]
[Site "Ostersund"]
[Date "1992.??.??"]
[Round "4"]
[White "Hjartarson, Johann"]
[Black "Arnason, Jon Loftur"]
[Result "1/2-1/2"]
[WhiteElo "2595"]
[BlackElo "2525"]
[Annotator "Ribli,Z"]
[PlyCount "60"]
[EventDate "1992.??.??"]
[EventType "swiss"]
[EventRounds "9"]
[EventCountry "NOR"]
[SourceTitle "CBM 031"]
[Source "ChessBase"]
[SourceDate "1992.12.01"]
[SourceVersion "1"]
[SourceVersionDate "1992.12.01"]
[SourceQuality "1"]

1. Nf3 c5 2. c4 Nf6 3. Nc3 Nc6 4. g3 d5 5. d4 cxd4 $1 (5... dxc4 $2 6. d5 Nb4
7. e4 Bg4 8. Bxc4 Bxf3 9. Qxf3 Nc2+ 10. Kf1 Nxa1 11. e5 $16 {Wojtkiewicz,
A-Yudasin,L New York op 1991 CBM/23}) 6. Nxd4 dxc4 7. Nxc6 Qxd1+ 8. Nxd1 bxc6
9. Bg2 Nd5 (9... Bd7 $6 10. Ne3 c3 11. bxc3 e6 12. Nc4 Nd5 13. Bd2 f6 14. O-O
Bc5 15. Na5 O-O-O 16. c4 Nb6 17. Nb3 Ba3 18. Bc1 Be7 19. Be3 Kc7 20. a4 $14 {
Makarov,M-Tunik,G URS-sf Russia-ch Gorky 1989 CBM/16}) 10. Ne3 Ba6 11. Nxd5
cxd5 12. Bxd5 Rc8 13. Bd2 e6 14. Be4 (14. Bf3 Be7 (14... Bc5 $5) 15. Bc3 Bf6
16. Bxf6 gxf6 17. O-O-O Ke7 18. Rd4 $14 {Ftacnik,L-Wojtkiewicz,A Bacolod 1991
EXP/23}) 14... Bc5 $5 15. Bc3 f6 16. e3 Ke7 17. O-O-O Bb5 18. h4 h5 19. Rd2 Ba4
20. Bf3 Bc6 21. Bxc6 Rxc6 22. Rhd1 Rd6 23. Bd4 Bxd4 24. Rxd4 Rhd8 25. Rxd6 Rxd6
26. Rg1 f5 27. Re1 Rd3 28. Kc2 Kd6 29. Rd1 Rxd1 30. Kxd1 Kd5 1/2-1/2

[Event "USA-ch"]
[Site "USA"]
[Date "1989.??.??"]
[Round "2"]
[White "Benjamin, Joel"]
[Black "Rohde, Michael A"]
[Result "1-0"]
[WhiteElo "2530"]
[BlackElo "2550"]
[Annotator "Ribli,Z"]
[PlyCount "101"]
[EventDate "1989.11.??"]
[EventType "tourn"]
[EventRounds "15"]
[EventCountry "USA"]
[EventCategory "12"]
[SourceTitle "CBM 019"]
[Source "ChessBase"]
[SourceDate "1990.12.01"]
[SourceVersion "1"]
[SourceVersionDate "1990.12.01"]
[SourceQuality "1"]

1. Nf3 Nf6 2. c4 c5 3. Nc3 b6 4. e4 d6 5. d4 cxd4 6. Nxd4 Bb7 7. Bd3 (7. Qe2 e6
8. g3 Be7 9. Bg2 a6 10. O-O Qc7 11. Be3 Nc6 $13 {Wirthenson,H-Mascarinas,R
Grand Prix Suisse 1990 CBM 17}) 7... g6 8. O-O Bg7 9. Bg5 Nbd7 10. Re1 (10. Qe2
O-O 11. Rad1 a6 12. Bb1 {Tal-Shvidler West Berlin 1986 42/45}) 10... a6 11. Bf1
h6 12. Bh4 O-O 13. Qd2 Nc5 14. f3 e5 {/\ Nxe4} 15. Bxf6 Bxf6 16. Nc2 Bg5 17.
Qf2 f5 $1 18. exf5 Rxf5 19. Nd5 Bxd5 20. cxd5 Qf6 21. b4 Na4 22. Ne3 Rf4 23.
Ng4 Rxg4 24. fxg4 Qxf2+ 25. Kxf2 Nc3 $44 26. Bd3 Kg7 27. g3 Bd2 28. a3 (28. Rf1
e4 $1 $15) 28... Rf8+ 29. Kg2 Bxe1 30. Rxe1 a5 31. bxa5 bxa5 32. Rc1 Nxd5 33.
Rc6 Ne3+ 34. Kh3 Rf6 35. Be4 Nd1 (35... d5 $1) 36. Kh4 Ne3 37. g5 hxg5+ 38.
Kxg5 Nf5 39. Rc7+ Rf7 40. Rxf7+ Kxf7 41. Bxf5 gxf5 42. Kxf5 Kg7 43. g4 Kh6 44.
a4 Kg7 45. g5 Kf7 46. h4 Kg7 47. h5 Kh7 48. h6 Kh8 49. g6 Kg8 50. Kf6 e4 51.
h7+ {Ribli} 1-0

[Event "Groningen op"]
[Site "Groningen"]
[Date "1990.??.??"]
[Round "3"]
[White "Dunnington, Angus J"]
[Black "Mikhalchishin, Adrian"]
[Result "0-1"]
[WhiteElo "2380"]
[BlackElo "2510"]
[Annotator "Ribli,Z"]
[PlyCount "98"]
[EventDate "1990.??.??"]
[EventType "swiss"]
[EventRounds "9"]
[EventCountry "NED"]
[SourceTitle "CBM 022"]
[Source "ChessBase"]
[SourceDate "1991.06.01"]
[SourceVersion "1"]
[SourceVersionDate "1991.06.01"]
[SourceQuality "1"]

1. c4 Nf6 2. Nc3 c5 3. g3 d5 4. cxd5 Nxd5 5. Bg2 Nc7 6. Nf3 Nc6 7. O-O e5 8. b3
Bg4 $1 (8... Be7 9. Bb2 (9. Ne1 $1 Bd7 10. Nd3 f6 11. f4 exf4 12. Nxf4 $14 {
Petrosian,A-Mikhalchishin,A Groningen op 1990 (50/(49)}) 9... O-O 10. Rc1 f6
11. Ne1 Bg4 12. Na4 Ne6 $13 {Lukin,A-Yudasin,L Leningrad 1989 CBM/14 48/(49)})
9. Ne1 Qd7 10. Nd3 f6 11. Ba3 Nb4 (11... Ne6 $5) 12. Bxb4 (12. Bxb7 Rb8 13. Be4
Bd6 14. f3 Bh3 15. Re1 O-O $44 {Mikhalchsishin}) 12... cxb4 13. Na4 Ne6 14. Rc1
Rd8 15. Rc4 Qxd3 16. exd3 Bxd1 17. Rxd1 b6 18. f4 Bd6 19. Re1 Ke7 20. f5 b5 21.
fxe6 bxc4 22. dxc4 Bc7 (22... Bb8 $1 23. Bd5 Rxd5 $1 24. cxd5 Rd8 $17 {
Mikhalchishin}) 23. Bd5 Bb6+ 24. Nxb6 axb6 25. a3 (25. Ra1 $5) 25... bxa3 26.
Ra1 Rxd5 27. cxd5 Ra8 28. Kf2 Kd6 29. Ke3 Kxd5 30. e7 Re8 31. Rxa3 Rxe7 32. Ra4
b5 33. Ra8 Kc5 34. Rb8 Rd7 35. d3 Kb4 36. Rb6 Ra7 37. g4 Ra2 38. h4 Rh2 39. h5
Rh3+ 40. Ke4 Rg3 41. Kf5 Rf3+ 42. Ke6 Rg3 43. Kf5 Rxd3 44. Rb7 Rf3+ 45. Ke6 e4
46. Kf7 f5 47. Kxg7 fxg4 48. Kxh7 g3 49. h6 e3 0-1

[Event "EU-ch 6th"]
[Site "Warsaw"]
[Date "2005.06.20"]
[Round "3"]
[White "Izoria, Zviad"]
[Black "Maze, Sebastien"]
[Result "1-0"]
[WhiteElo "2602"]
[BlackElo "2470"]
[Annotator "Ribli,Z"]
[PlyCount "73"]
[EventDate "2005.06.18"]
[EventType "swiss"]
[EventRounds "13"]
[EventCountry "POL"]
[SourceTitle "CBM 108"]
[Source "ChessBase"]
[SourceDate "2005.09.26"]
[SourceVersion "1"]
[SourceVersionDate "2005.09.26"]
[SourceQuality "1"]

1. d4 Nf6 2. c4 e6 3. Nf3 d5 4. Nc3 c5 5. cxd5 cxd4 {Dieser Zug wird
heutzutage selten gespielt - zum ersten Mal wurde er von Lasker ausprobiert 
(Burn,A - Lasker,E Paris 1900) und von Keres in die Turnierpraxis übernommen.
Bekannte Partien sind Stahlberg - Keres, Geller - Keres und Najdorf - Keres,
alle Partien vom Kandidatenturnier 1953.} (5... Nxd5 {Auf diese Weise erhalten
wir die Grundstellung der Semi-Tarrasch-Variante des Damengambits.}) 6. Qxd4 (
6. Qa4+ $5 Bd7 7. Qxd4 exd5 8. Nxd5 Qa5+ 9. Nc3 Nc6 10. Qe3+ Be7 11. Qg5 $14)
6... Nxd5 (6... exd5 {Das war die Lieblingsfortsetzung von Keres. Die moderne
Eröffnungstheorie empfiehlt 7.e4 Nc6 8.Bb5, wonach Weiß bessere Chancen
besitzt.}) 7. e4 Nxc3 8. Qxc3 Nc6 {Mit Zugumstellung ist die Variante 1.c4 c5
2.Nf3 Nf6 3.Nc3 d5 4.cxd5 Nxd5 5.d4 cxd4 6.Qxd4 Nxc3 7.Qxc3 Nc6 8.e4 e6
erreicht.} (8... Bd7 9. Be2 Na6 10. O-O Rc8 11. Qb3 Nc5 12. Qe3 $14) 9. a3 $1 {
Das ist die beste Fortsetzung für Weiß - mit dem Textzug verteidigt er sich
gegen 9...Bb4.} (9. Bb5 Bd7 10. O-O Qb6 11. a4 Qc5 12. Qd3 Qd6 13. Qe2 Qc7 14.
e5 Bc5 15. Rd1 a6 16. Bd3 h6 17. Bf4 Nb4 18. Be4 Bc6 {1/2-1/2 Anand,V-Adams,M/
Groningen 1997/CBM 63 (48)}) 9... Bd7 10. Be2 Rc8 (10... Qf6 $2 11. e5 $1 Qg6
12. O-O Be7 13. Rd1 $16) 11. O-O Na5 {Schwarz verjagt die Dame von c3, da es
sonst unmöglich wäre, den f8-Läufer zu entwickeln.} 12. Qd3 $1 {Weiß verfügt
über eine gute Entwicklung und zentralisierte Stellung; hingegen hat Schwarz
einige Probleme mit der Koordination seiner Figuren.} (12. Qe3 Bc5 13. Qf4 Nb3
14. Qg3 Nxc1 15. Raxc1 O-O 16. Ne5 f6 17. Nxd7 Qxd7 18. Qb3 Kh8 19. Bc4 e5 {
1/2-1/2 Topalov,V-Adams,M/Linares 1997/CBM 57 (32)}) 12... Bc6 (12... Be7 13.
Be3 $16) (12... Ba4 13. Qxd8+ $5 (13. Qe3 Bc5 14. Qf4 Nb3 15. Qg4 Nxc1 (15...
Nxa1 16. Qxg7 Rf8 17. b4 Bd6 18. Qxa1 $44) 16. Raxc1 O-O 17. e5 Bb3 18. Rc3 Qb6
19. Qh4 Rce8 20. Ng5 $40 {1-0 Weinzettl,E-Penz,H/Dornbirn 2002/(29)}) 13...
Rxd8 14. Be3 b6 (14... Nb3 15. Bd1 b5 16. Bxb3 Bxb3 17. Rfc1 {[%csl Rb3,Gc1]
[%cal Rc1c7]} e5 18. Nxe5 a6 19. Nc6 $18 {1-0 Anand,V-Kortschnoj,V/Tilburg
1998/EXT 99/[Ribli] (19)}) 15. Rac1 Bd6 16. e5 Be7 17. Rc7 {1-0 Ruck,R-Grosar,
A/Bled 2002/ (28)}) 13. Qe3 $36 {[%csl Ra5,Ge3][%cal Gb2b4] Die weiße Dame
steht zentral auf e3 und es droht 14.b4 mit Figurengewinn. Die Bauernstellung
ist zwar symmetrisch, aber meiner Meinung nach ist Schwarz vom Ausgleich weit
entfernt.} Ba4 {Ein auf den ersten Blick unnatürlicher Zug, aber Schwarz muss
seinen a5-Springer retten.} (13... Qb6 $2 14. b4 Qxe3 15. Bxe3 Nb3 16. Rab1 $18
) 14. b4 Nb3 (14... Nc4 15. Bxc4 (15. Qxa7 Ra8 16. Qd4 Qxd4 17. Nxd4 $16) 15...
Rxc4 16. Qxa7 $16) (14... Nc6 15. Bb2 $16) 15. Bd1 {[%csl Rb3][%cal Rd1a4]} Nc5
(15... Qxd1 16. Rxd1 Nxa1 17. Rd3 $18) 16. Bb2 $16 {Weiß hat deutlichen
Entwicklungsvorteil, während die schwarzen Leichtfiguren am Damenflügel in
großer Not sind.} Bb5 {Mit diesem Zug Schwarz möchte im Trüben fischen.} 17.
bxc5 (17. Re1 Nd3 18. Be2 $18) 17... Bxc5 18. Qc3 (18. Qb3 Bxf1 19. Kxf1 $16) (
18. Qf4 $1 Bxf1 19. Kxf1 O-O 20. Qe5 $18) 18... Bxf2+ 19. Rxf2 Rxc3 20. Bxc3 {
[%mdl 1024] Weiß hat Turm, Springer und Läufer gegen Dame und zwei Bauern. Die
weiße Stellung ist jedoch aktiver und er verfügt über das Läuferpaar.} O-O 21.
Bb4 (21. Bc2 $16) 21... Re8 22. Rc1 a5 (22... Bc6 23. e5 $16 {[%cal Gb4d6]})
23. Bc3 Qe7 24. a4 (24. Bxa5 $6 Qxa3 25. Bd2 $14) 24... Bc6 25. Ne5 (25. Bxa5
Bxe4 26. Ne5 f6 $14) 25... Qg5 $5 (25... Bxe4 26. Nxf7 (26. Rxf7 $2 Qg5 $19 {
[%cal Rg5c1,Rg5g2]}) 26... Rf8 27. Be5 Qb4 28. Bh5 $16) 26. Bb2 Bxe4 27. Nxf7
Qe3 {[%csl Ge3,Ge4] Schwarz hat Gegenspiel, seine Dame und sein Läufer stehen
aktiv.} 28. Bh5 (28. Be2 $16) 28... Rf8 29. Rc7 $2 (29. Nh6+ $1 Kh8 (29... Qxh6
30. Rxf8+ Kxf8 31. Ba3+ Kg8 32. Rc8#) (29... gxh6 30. Bf7+ Rxf7 31. Rc8+ $18)
30. Ng4 Qb6 31. Kh1 $16) 29... h6 $1 $132 (29... Qe1+ 30. Rf1 Qe3+ 31. Kh1 h6)
30. h4 Qe1+ 31. Rf1 Qg3 $4 (31... Qe3+ $1 32. Rf2 (32. Kh1 $4 Qh3+ $19) (32.
Kh2 Qd2 {[%cal Rd2b2,Rd2g2]} 33. Nxh6+ Qxh6 34. Rxf8+ Kxf8 35. Bxg7+ Qxg7 36.
Rxg7 Kxg7 37. Be8 $11) 32... Qe1+ $11) (31... Qd2 $1 32. Rf2 Qe1+ $11) 32.
Nxh6+ $1 $18 {[%mdl 64] Mit dieser kleiner Kombination gewinnt Weiß die Partie.
} Kh7 (32... gxh6 33. Bf7+ Rxf7 (33... Kh7 34. Bg6+ Kxg6 35. Rg7+ $18) 34. Rc8+
Kh7 35. Rxf7+ Kg6 36. Rg7+ $18) 33. Rxg7+ Qxg7 34. Bxg7 Rxf1+ 35. Kxf1 Kxg7 36.
Nf7 Bd3+ (36... Bc2 37. Nd8 $18) 37. Ke1 1-0

[Event "SUI Grand Prix"]
[Site "Suhr"]
[Date "1990.??.??"]
[Round "1"]
[White "Wirthensohn, Heinz"]
[Black "Mascarinas, Rico"]
[Result "1/2-1/2"]
[WhiteElo "2410"]
[BlackElo "2470"]
[Annotator "Ribli,Z"]
[PlyCount "43"]
[EventDate "1990.??.??"]
[EventType "tourn"]
[EventRounds "9"]
[EventCountry "SUI"]
[EventCategory "9"]
[SourceTitle "CBM 017"]
[Source "ChessBase"]
[SourceDate "1990.08.01"]
[SourceVersion "1"]
[SourceVersionDate "1990.08.01"]
[SourceQuality "1"]

1. Nf3 Nf6 2. c4 c5 3. Nc3 b6 4. e4 d6 5. d4 cxd4 6. Nxd4 Bb7 7. Qe2 e6 8. g3
Be7 9. Bg2 a6 10. O-O Qc7 11. Be3 Nc6 $5 {11...0-0 Ivanov,J-Tunik,G Sochi-B
1989  CBM/16} 12. Rac1 Nxd4 13. Bxd4 O-O 14. e5 dxe5 15. Bxe5 Qc8 16. Ne4 Nxe4
17. Bxe4 Bxe4 18. Qxe4 Rd8 19. Rfd1 Ra7 20. Rxd8+ Qxd8 21. Qg4 Bf8 22. Rd1
1/2-1/2